Influencia del derecho español en América

Kaydedildi:
Detaylı Bibliyografya
Yazar: González Hernández, Juan Carlos (Yazar)
Materyal Türü: Kitap
Dil:İspanyolca
Baskı/Yayın Bilgisi: Madrid MAPFRE 1992
Seri Bilgileri:Colecciones Mapfre, 1492
Konular:
Etiketler: Etiketle
Etiket eklenmemiş, İlk siz ekleyin!

MARC

LEADER 00000nam a2200000 a 4500
001 UCX6627
003 CL-VaPUC
008 930730e19920000SP |||||||||||||||||spa|d
082 0 4 |a 349.8  |b GON  |2 21 
100 |a González Hernández, Juan Carlos  |e author  |9 379406 
245 1 0 |a Influencia del derecho español en América 
300 |a 255 p 
942 |c BK 
945 |d 19930730 00:00:00 
260 |a Madrid  |b MAPFRE  |c 1992 
650 0 |a Derecho Indiano  |9 256266 
650 0 |a Colonización  |9 265172 
651 0 |a España  |9 254926 
651 0 |a América  |9 255182 
583 |a last modification  |c 20161003 01:13:14  |k Rodrigo Vera 
490 0 |a Colecciones Mapfre, 1492 
999 |c 226622  |d 226620 
952 |0 0  |1 0  |4 0  |6 349_800000000000000_GON_1992  |7 0  |8 A  |9 225126  |a BIBHIS  |b BIBHIS  |d 2019-11-15  |i 2938235  |o 349.8 GON 1992  |p 2938235  |r 2025-01-20  |w 2019-11-15  |y BK  |k HIS 
952 |0 0  |1 0  |4 0  |6 349_800000000000000_GON_1992  |7 0  |8 DER_HDC  |9 225127  |a BIBDER  |b BIBDER  |d 2019-11-15  |i 3822249  |o 349.8 GON 1992  |p 3822249  |r 2023-01-25  |w 2019-11-15  |x Ubicación 4to Piso  |y BK  |z Estos recursos deben solicitarse con anticipación  |k DER